MDQL
is popping MORE tags! Check the
thread
!
Quizzes
Events
Quiz Creation
Community
Videos
Private Events
Remove Ads
Sign In
Join for FREE
Feedback
Dark Mode
Quiz Categories
Sports
Geography
Music
Movies
Television
Just For Fun
Miscellaneous
History
Literature
Language
Science
Gaming
Entertainment
Religion
Holiday
For Kids
Quiz Lab
Recent
Popular Today
Quiz Kudos Today
Editor Picks
Curator Picks
Quizzes by...
Day
Popularity
Type
Ratings
Length
Year
Community
Subscriptions
Recent Discussions
Orange Saloon
Badges
Playlists
Quests
Create
Leaderboards
Showdown
Live 5
Trivia Bingo
Activity
Puzzle Library
Sporcle Events
Private Events
Virtual Trivia
Globe League
Become a Host
Pub Owners
SporcleCon
Opinionation
Our Games
Videos
Blog
Mobile Apps
Partnerships
Remove Ads and Go Orange
Feedback
Sports
Athletes
MLB
NBA
NHL
NFL
Soccer
Sports Teams
WWE
NCAA
Football
Premier League
Basketball
Baseball
Hockey
Golf
Tennis
Cricket
Rugby
Auto Racing
Olympics
World Cup
Sports
Athletes
MLB
NBA
NHL
NFL
Soccer
Sports Teams
WWE
NCAA
Football
Premier League
Basketball
Baseball
Hockey
Golf
Tennis
Cricket
Rugby
Auto Racing
Olympics
World Cup
Random Quiz
Search Sporcle
×
Quiz Lab
Quiz Lab
Sports
Football
Type in answers that appear in a list
Type in answers that appear in a list
Classic
Best Score? Go Orange.
Top 10 Assists in the 2015-16 European Football Leagues Stats
Can you name the Top 10 Assists in the 2015-16 European Football Leagues?
By
Marshall89
10m
78 Questions
271 Plays
271 Plays
271 Plays
Comments
Comments
Give Quiz Kudos
Give Quiz Kudos
-
- Ratings
hide this ad
Replay
Link that replays current quiz
Next Quiz
Link to next quiz in quiz playlist
You Got
0%
They Got
Avg Score
39%
Avg Friend Score
Upgrade to see
Score Distribution
Jump to the score distribution portion of the page
Score
0/78
Timer
10:00
0
Plays Today
League
Player
% Correct
Premier League
Mesut Özil
98.9%
La Liga
Lionel Messi
98.9%
La Liga
Cristiano Ronaldo
96.7%
La Liga
Luis Suárez
96.7%
Champions League
Cristiano Ronaldo
96.7%
La Liga
Neymar
96.3%
Champions League
Neymar
96.3%
La Liga
Gareth Bale
93%
Premier League
Christian Eriksen
91.5%
Premier League
Riyad Mahrez
91.5%
Premier League
David Silva
89.7%
Premier League
Dimitri Payet
87.8%
Premier League
Kevin de Bruyne
83.4%
La Liga
Koke
83.4%
Premier League
Dele Alli
82.3%
Ligue 1
Zlatan Ibrahimović
80.8%
Champions League
Zlatan Ibrahimović
80.8%
La Liga
Toni Kroos
79.7%
Ligue 1
Ángel Di María
73.8%
Serie A
Paul Pogba
72.7%
Premier League
Erik Lamela
69.7%
Serie A
Paulo Dybala
65.7%
Premier League
James Milner
63.5%
Serie A
Marek Hamšík
63.5%
Champions League
Alexis Sánchez
63.5%
Premier League
Dušan Tadić
62.4%
Bundesliga
Douglas Costa
56.5%
Serie A
Miralem Pjanić
56.5%
Serie A
Lorenzo Insigne
55.7%
Bundesliga
Henrikh Mkhitaryan
53.5%
Bundesliga
Shinji Kagawa
46.5%
Champions League
Hulk
46.1%
Champions League
Thiago Alcântara
42.4%
Serie A
José Callejón
38%
Champions League
Kingsley Coman
37.3%
Eredivisie
Luuk de Jong
31%
Bundesliga
Raffael
28%
Bundesliga
Karim Bellarabi
27.7%
Serie A
Álvaro Morata
26.3%
League
Player
% Correct
Champions League
Hakan Çalhanoğlu
25.8%
La Liga
Roberto Soldado
21.4%
Champions League
Wilfried Bony
21.4%
Bundesliga
Gonzalo Castro
20.3%
Serie A
Miroslav Klose
19.6%
Bundesliga
Lars Stindl
19.2%
Serie A
Diego Perotti
16.6%
Serie A
Giacomo Bonaventura
16.6%
Ligue 1
Michy Batshuayi
15.5%
Bundesliga
Kevin Volland
13.3%
Eredivisie
Dabney dos Santos
12.9%
Eredivisie
Hakim Ziyech
12.5%
Bundesliga
Mahmoud Dahoud
12.2%
Ligue 1
Ryad Boudebouz
11.8%
Serie A
Franco Vázquez
10.3%
Bundesliga
Zlatko Junuzović
10%
Ligue 1
Rachid Ghezzal
9.6%
Eredivisie
Davy Klaassen
9.2%
La Liga
Marco Asensio
8.9%
Ligue 1
Nabil Dirar
8.1%
Ligue 1
Jimmy Briand
7.6%
La Liga
Jonathan Viera
7.4%
Serie A
Riccardo Saponara
7.4%
Ligue 1
Julien Féret
6.6%
Serie A
Valter Birsa
5.2%
Ligue 1
Giovanni Sio
4.9%
Ligue 1
Billy Ketkeophomphone
4.8%
Eredivisie
Andrés Guardado
4.8%
Eredivisie
Jürgen Locadia
4.4%
Ligue 1
Nicolas de Préville
3.7%
Ligue 1
Wahbi Khazri
3%
Eredivisie
Sam Larsson
3%
Champions League
Kostas Fortounis
2.2%
Serie A
Riccardo Meggiorini
1.8%
Eredivisie
Rick Karsdorp
1.5%
Eredivisie
Lars Veldwijk
1.5%
Eredivisie
Nemanja Gudelj
1.5%
Eredivisie
Édouard Duplan
1.1%
Eredivisie
Joris van Overeem
1.1%
Quiz Playlist
Details
Report
Send in Message
Add To Playlist
Classic:
Type in answers that appear in a list
Last Updated: Feb 16, 2017
Quiz Scoreboard
CHALLENGE
Sign Up to Join the Scoreboard
Show All
Scores
Hide
Comments
May contain spoilers
Recently Published
Find the 'City' Movie
by crazypaving
Movies
60s
5x2 Blitz: Bands
by SL_Kpop136
Music
30s
Colored Red Africa Blitz
by spor1
Geography
30s
More to Explore
Quiz From the Vault
Featured Blog Post
14 Easter Pick-up Lines to Find Eggs With
hide this ad
You Might Also Like...
Tags
Europe Quiz
Football Quiz
assist
League
Player
team
Top 10
Today's Top Quizzes in Sports
Browse Sports
hide this ad
Today's Top Quizzes in Football
Browse Football
Top Contributed Quizzes in Sports
1
Les entraîneurs de l'OM et du PSG au 21e siècle
2
Les meilleurs buteurs des matchs entre le PSG et l’OM
3
Les joueurs passés par le PSG et l'OM
4
Players with Multiple 50 Home Run Seasons
5
2022 World Cup Stars
6
Criteria MLB: Left Handed Sluggers
7
NBA Logic Puzzle 2.0
8
MLB Players with Two .350 Batting Average Seasons
9
Top 10 NHL Goal Scorers of All Time
10
Les joueurs passés par le LOSC et le RC Lens
Explore More
Trending Topics
Crossword
Anime
Kpop
Harry Potter
Marvel
Disney
NBA
Country
Soccer
Pokémon
Song
Puzzle
WWE
NFL
The Office
hide this ad
More By:
Marshall89
Quiz
Plays
Rating
Category
Featured
Created
Premier League Scorers per Team (2012-13)
14,602
4.59
Sports
Mar 10, 2013
La Liga Champions XIs since 1996/97 season
13,630
4.23
Sports
Jun 15, 2013
Leading Premier League scorers (Still Playing in Prem)
12,681
4.24
Sports
Sep 3, 2012
EPL 100: Best Premier League Players 2013/14
10,675
2.60
Sports
Aug 16, 2013
Premier League's Brazil Internationals
10,018
4.54
Sports
Oct 1, 2012
Go to Creator's Profile
Score Distribution
Quiz Creator Spotlight
Marshall89
Follow
Send a Message
Quizzes Created
-
Created Quiz Play Count
-
More By This Creator
Popular Quizzes Today
1
Colored Red Africa Blitz
2
Find the 'City' Movie
3
Find the US States - No Outlines Minefield
4
5x2 Blitz: Bands
5
The Countries of the World
6
Find the US States
7
US States
8
Find the Countries of Europe - No Outlines Minefield
More Sports Quizzes
Matra F1 Drivers
Curator's Pick
Trending Quizzes
Colored Red Europe Blitz I
Colored Red Europe Blitz II
Colored Red Africa Blitz II
Colored Red Europe Blitz III
Colored Red Africa Blitz III
Recently Updated
How Do You Spell That?
pecheneg
Godzilla Movies
pecheneg
Grab Bag: 4-10 Letters
pecheneg
2024 March Madness Bracket
pecheneg
Famous TV Couples
Peacemaker
Champions League XIs: Real Madrid
pecheneg
Largest US Cities 1790-2010
pecheneg
Rides in Walt Disney World
pecheneg
Most Oscar Losses (Acting)
pecheneg
Beyoncé Albums
pecheneg
Trending Topics
Crossword
Disney
Harry Potter
NBA
Marvel
Kpop
Anime
WWE
Pokémon
Song
Soccer
The Office
NFL
Puzzle
Country
Your Account Isn't Verified!
In order to create a playlist on Sporcle, you need to verify the email address you used during registration. Go to your
Sporcle Settings
to finish the process.
Report this User
Report this user for behavior that violates our
Community Guidelines
.
Details:
Send Report
Go to the Sporcle.com Mobile Site →
Comments